Statistics for Superlatives by Continent

Click here to take the quiz!

General Stats

  • This quiz has been taken 1,011 times
    (247 since last reset)
  • The average score is 41 of 72

Answer Stats

ContinentSuperlativeAnswer% Correct
AsiaLargest CountryChina
95%
North AmericaRichest$51,704United States
94%
North AmericaLargest CountryUnited States
94%
North AmericaCWM Obesity28.8 BMIUnited States
94%
EuropeCWM Oil80,000 MMbblRussia
93%
EuropeLargest CountryRussia
93%
AfricaLargest CountryNigeria
90%
South AmericaLargest CountryBrazil
89%
OceaniaLargest CountryAustralia
86%
OceaniaRichest$41,954Australia
86%
OceaniaCWM Oil4,000 MMbblAustralia
86%
OceaniaMost Spoken Language~30mEnglish
85%
North AmericaMost Spoken Language~280mEnglish
85%
EuropeMost Spoken Language~82mGerman
80%
AsiaCWM Oil268,000 MMbblSaudi Arabia
78%
North AmericaCWM Oil175,000 MMbblCanada
77%
AsiaLargest CityTokyo
74%
AsiaTallest MountainEverest
73%
AsiaMost Spoken Language~900mMandarin
72%
OceaniaSmallest CountryNauru
72%
OceaniaCWM Obesity28.2 BMINauru
72%
South AmericaCWM Oil297,000 MMbblVenezuela
72%
AfricaLongest River6,650kmNile
71%
South AmericaSmallest CountrySuriname
71%
AfricaLargest CityCairo
70%
OceaniaCity w/ Busiest Airport37mSydney
70%
OceaniaLargest CitySydney
70%
EuropeSmallest CountryVatican City
70%
AfricaCWM Obesity28.4 BMIEgypt
69%
North AmericaLargest CityMexico City
68%
AfricaSmallest CountrySeychelles
68%
South AmericaLongest River6,400kmAmazon
67%
EuropeLargest CityMoscow
67%
South AmericaCity w/ Busiest Airport26mSão Paulo
66%
South AmericaTop UniversityWR:139São Paulo
66%
South AmericaLargest CitySão Paulo
66%
South AmericaCWM Obesity28.6 BMIArgentina
65%
South AmericaRichest$17,917Argentina
65%
South AmericaMost Spoken Language~200mPortuguese
65%
AsiaRichest$100,889Qatar
64%
AfricaMost Spoken Language~175mArabic
61%
North AmericaSmallest CountrySaint Kitts and Nevis
59%
AfricaTallest MountainKilimanjaro
58%
AfricaLargest LakeVictoria
58%
North AmericaLongest River6,275kmMississippi
57%
EuropeRichest$77,958Luxembourg
56%
AsiaSmallest CountryMaldives
55%
AsiaLongest River6,300kmYangtze
52%
North AmericaLargest LakeSuperior
50%
EuropeLongest River3,645kmVolga
50%
AfricaCWM Oil48,000 MMbblLibya
47%
North AmericaTallest MountainMcKinley
46%
AsiaCWM Obesity29.5 BMIKuwait
37%
AsiaLargest LakeCaspian Sea
36%
EuropeCity w/ Busiest Airport70mLondon
35%
EuropeTallest MountainElbrus
34%
AfricaRichest$30,233Equatorial Guinea
32%
South AmericaLargest LakeTiticaca
32%
South AmericaTallest MountainAconcagua
25%
OceaniaLongest River3,670kmMurray
23%
AsiaCity w/ Busiest Airport82mBeijing
20%
EuropeCWM Obesity27.5 BMIGreece
20%
EuropeLargest LakeLadoga
10%
AsiaTop UniversityWR:23Hong Kong
8%
OceaniaTop UniversityWR:27Melbourne
8%
AfricaCity w/ Busiest Airport19mJohannesburg
6%
OceaniaLargest LakeEyre
5%
OceaniaTallest MountainKosciuszko
5%
AfricaTop UniversityWR:145Cape Town
4%
North AmericaCity w/ Busiest Airport95mAtlanta
1%
EuropeTop UniversityWR:2Cambridge
1%
North AmericaTop UniversityWR:1MIT
1%

Score Distribution

Percentile by Number Answered

Percent of People with Each Score

Your Score History

You have not taken this quiz since the last reset